| 000 | 00582nam a22002177a 4500 | ||
|---|---|---|---|
| 003 | Ost | ||
| 005 | 20260227100152.0 | ||
| 008 | 260227b |||||||| |||| 00| 0 eng d | ||
| 020 | _a9780873352642 | ||
| 040 | _cBT-PhCST | ||
| 050 | _a25664-25665 | ||
| 082 |
_222 _a622 _bDAR |
||
| 100 | _a Darling, Peter. | ||
| 245 | _aSME mining engineering handbook / | ||
| 250 | _a3rd ed. | ||
| 260 |
_aUSA : _bSociety for mining metallurgy and exploration, _cc2011. |
||
| 300 |
_axxiv, 1840 p. : _bill. ; _c28 cm. |
||
| 440 | _vVol. 2 | ||
| 500 | _aIncludes Index. | ||
| 942 |
_2ddc _cGEOLOGY |
||
| 999 |
_c10162 _d10162 |
||